000
00294nam a22001337a 4500
008
170418b xxu||||| |||| 00| 0 eng d
020
_a
9780716719816
041
_a
eng
080
_2
2ND
_a
573
100
_a
11
101
_a
SHM
245
_a
MOLECULAR CELL BIOLOGY
_c
DARNELL
942
_2
udc
_c
BK
999
_c
11049
_d
11049